| 000 | 00564nam a2200169 a 4500 | ||
|---|---|---|---|
| 001 | 000040055 | ||
| 005 | 20201002033906.0 | ||
| 008 | 130805s1989 sp a 001 0 spa d | ||
| 020 | _a8430516182 | ||
| 040 |
_aDO-SdBNP _bspa _cBNPHU |
||
| 245 | 0 | 3 |
_aEl gran libro de los animales : _bfauna de todo el mundo / _cJana Horácková...[et al.] ; Traducido por equipo de Susaeta. |
| 250 | _a3a. ed. | ||
| 260 |
_aMadrid : _bSusaeta Ediciones, _c1989. |
||
| 300 |
_a319 p. : _bil., lám. ; _c31 cm. |
||
| 500 | _aIncluye índice | ||
| 700 | 1 |
_aHorácková, Jana _ecoaut _966309 |
|
| 999 |
_c39545 _d39545 |
||